000 00449nam a2200169 a 4500
001 0000-8985
003 ELIB.Books
008 110520 2008
035 _a(ELIB.Books)0000-9134
082 _a253
_bHil
100 _aHill, Harriet
245 _aTranslating the Bible into Action
260 _bCarlisle: Piquant Editions Ltd.
_c2008
650 _aPreaching
942 _2ddc
_cBK
998 _cbat
_e2011-05-20
_mcat
_u2019-07-11
999 _c8985
_d8985